000 00933nac a22003017a 4500
001 BR8204506
003 BR-BrBNA
005 20240105115434.0
008 230509b bl.|||m| |||| 00| 0 por d
040 _aBR-BrBNA
_bpor
_cBiblioteca Nacional de Agricultura
072 _aF00; L00; E15
090 _aF00 BR8204506
110 1 _aComissao Estadual de Planejamento Agricola de Rondonia, Porto Velho (Brasil)
_92033
245 1 _aPrognostico agropecuario de Rondonia 1982/83 [Brasil]
260 3 _aPorto Velho, RO (Brasil):
_c1982.
300 _a152 p.
490 _aPrognostico Agropecuario de Rondonia (Brazil)
_v
_x
650 _aMERCADO NACIONAL
650 _aLAVOURA
650 _aESTATISTICA DE PRODUCAO
650 _aPECUARIA
650 _aINSUMO
650 _aCREDITO RURAL
650 _aCOLONIZACAO
650 _aPREVISAO DE SAFRA
909 _a202312
_bLúcia Elande
_c55
_dLúcia Elande
942 _2AGRIS
_n0
_cMS
999 _c274810
_d274810